| 000 | 00503nam a2200193Ia 4500 | ||
|---|---|---|---|
| 999 |
_c4325 _d4325 |
||
| 001 | 4099 | ||
| 003 | PK-LaUMT | ||
| 005 | 20221027112424.0 | ||
| 008 | 140318s9999 xx 000 0 und d | ||
| 020 | _a0-563-36416-5 | ||
| 040 | _cPK-LaUMT | ||
| 082 |
_a 658.409 _bBIR-E |
||
| 100 | _aBird, Malcolm | ||
| 245 |
_aEffective leadership : A practical guide to leading your tea. . . _cBird, Malcolm |
||
| 260 |
_aLondon,UK: _bBBC Books, _c1992 |
||
| 300 | _a161 p. | ||
| 546 | _aEN | ||
| 942 |
_cSTK2001 _2ddc |
||